<?xml version="1.0" encoding="UTF-8"?>
<record
    xmlns:xsi="http://www.w3.org/2001/XMLSchema-instance"
    xsi:schemaLocation="http://www.loc.gov/MARC21/slim http://www.loc.gov/standards/marcxml/schema/MARC21slim.xsd"
    xmlns="http://www.loc.gov/MARC21/slim">

  <leader>02074agaaa2200325   4500</leader>
  <controlfield tag="001">8826</controlfield>
  <controlfield tag="003">IT-RoPAU</controlfield>
  <controlfield tag="005">20220918181223.0</controlfield>
  <controlfield tag="007">d cvaizq</controlfield>
  <controlfield tag="008">50131s9999||||xx ||| |     ||   ||und||</controlfield>
  <datafield tag="040" ind1=" " ind2=" ">
    <subfield code="a">IT-RoPAU</subfield>
    <subfield code="c">IT-RoPAU</subfield>
  </datafield>
  <datafield tag="041" ind1=" " ind2=" ">
    <subfield code="a">ITALIANO</subfield>
  </datafield>
  <datafield tag="100" ind1=" " ind2=" ">
    <subfield code="a">Konchalovsky-Mikhalkov Andrej</subfield>
    <subfield code="g">Codice regista SPICS: 26000</subfield>
    <subfield code="9">36950</subfield>
  </datafield>
  <datafield tag="130" ind1=" " ind2=" ">
    <subfield code="a">PROIEZIONISTA (IL)</subfield>
    <subfield code="9">36951</subfield>
  </datafield>
  <datafield tag="245" ind1=" " ind2=" ">
    <subfield code="a">PROIEZIONISTA (IL)</subfield>
    <subfield code="c">Prodotto da: Bonivento Claudio -- Sceneggiatura: Konchalovsky-Mikhalkov Andrej Usov Anatoli -- Diretto da: Konchalovsky-Mikhalkov Andrej</subfield>
    <subfield code="p">PROIEZIONISTA (IL) (Rif. Codice opera principale : C8826)</subfield>
  </datafield>
  <datafield tag="250" ind1=" " ind2=" ">
    <subfield code="a">Edizione Standard</subfield>
  </datafield>
  <datafield tag="260" ind1=" " ind2=" ">
    <subfield code="a">ROMA - MOSCA (ITALIA - RUSSIA)</subfield>
    <subfield code="b">NUMERO UNO INT. - MOSFILM / Distribuzione: PENTA VIDEO</subfield>
    <subfield code="g">"1992 (1&#xB0; ed.: 1994 ; Ed. Lingua Orig.: 1992)"</subfield>
  </datafield>
  <datafield tag="300" ind1=" " ind2=" ">
    <subfield code="a">VHS</subfield>
    <subfield code="b">sonoro, col.</subfield>
    <subfield code="c">142 minuti</subfield>
  </datafield>
  <datafield tag="508" ind1=" " ind2=" ">
    <subfield code="a">"Fotografia: Guarnieri Ennio; Montaggio: Richardson Henry; Musica: Artemjev Eduard; Sceneggiatura: Konchalovsky-Mikhalkov Andrej Usov Anatoli; Scenografia: Frigerio Ezio; Soggetto: Konchalovsky-Mikhalkov Andrej -- Usov Anatoli"</subfield>
  </datafield>
  <datafield tag="511" ind1=" " ind2=" ">
    <subfield code="a">"Hulce Tom; Davidovich Lolita; Hoskins Bob; Zbruev Alexandre; Chaliapin Feodor"</subfield>
  </datafield>
  <datafield tag="520" ind1=" " ind2=" ">
    <subfield code="a">AMBIENTATO NELLA RUSSIA STALINISTA E BASATO SU UNA STORIA REALMENTE ACCADUTA. UN AUTO SI E' FERMATA SOTTO CASA GLI UOMINI DI BERIA QUELLI DEL KGB SONO VENUTI A PRENDERE MIO MARITO IVAN SANSHIN LO STESSO GIORNO DEL NOSTRO MATRIMONIO. E' DIVENTATO IL PROIEZIONISTA DI STALIN. DESTINO DI DUE GIOVANI RUSSI VITTIME DEL TERRORE ASSOLUTO DELLA RUSSIA DI STALIN. FILM A COLORI.</subfield>
  </datafield>
  <datafield tag="538" ind1=" " ind2=" ">
    <subfield code="a">PAL, STEREO</subfield>
  </datafield>
  <datafield tag="546" ind1=" " ind2=" ">
    <subfield code="a">ITALIANO</subfield>
  </datafield>
  <datafield tag="650" ind1=" " ind2=" ">
    <subfield code="a">DRAMMATICO</subfield>
    <subfield code="e">FILMS [VHS]</subfield>
    <subfield code="x">Codice MATERIA SPICS: 9960</subfield>
    <subfield code="9">34083</subfield>
  </datafield>
  <datafield tag="700" ind1=" " ind2=" ">
    <subfield code="a">Artemjev Eduard</subfield>
    <subfield code="e">(musica)</subfield>
    <subfield code="g">Codice Musica SPICS: 22987</subfield>
    <subfield code="9">36952</subfield>
  </datafield>
  <datafield tag="700" ind1=" " ind2=" ">
    <subfield code="a">Konchalovsky-Mikhalkov Andrej </subfield>
    <subfield code="e">(regista)</subfield>
    <subfield code="g">Codice regista SPICS: 26000</subfield>
    <subfield code="9">36953</subfield>
  </datafield>
  <datafield tag="700" ind1=" " ind2=" ">
    <subfield code="a">Konchalovsky-Mikhalkov Andrej </subfield>
    <subfield code="e">(soggetto)</subfield>
    <subfield code="g">Codice Soggetto SPICS: 26000</subfield>
    <subfield code="9">36954</subfield>
  </datafield>
  <datafield tag="700" ind1=" " ind2=" ">
    <subfield code="a">Usov Anatoli </subfield>
    <subfield code="e">(soggetto)</subfield>
    <subfield code="g">Codice Soggetto 2&#xB0; SPICS: 43173</subfield>
    <subfield code="9">36955</subfield>
  </datafield>
  <datafield tag="942" ind1=" " ind2=" ">
    <subfield code="c">VH</subfield>
    <subfield code="2">ddc</subfield>
  </datafield>
  <datafield tag="999" ind1=" " ind2=" ">
    <subfield code="c">104657</subfield>
    <subfield code="d">104657</subfield>
  </datafield>
  <datafield tag="952" ind1=" " ind2=" ">
    <subfield code="0">0</subfield>
    <subfield code="1">0</subfield>
    <subfield code="4">0</subfield>
    <subfield code="6">C_8826_000000000000000</subfield>
    <subfield code="7">1</subfield>
    <subfield code="a">SPICS</subfield>
    <subfield code="b">SPICS</subfield>
    <subfield code="d">2015-01-31</subfield>
    <subfield code="l">0</subfield>
    <subfield code="o">C8826</subfield>
    <subfield code="r">2015-01-31 00:00:00</subfield>
    <subfield code="w">2015-01-31</subfield>
    <subfield code="y">VH</subfield>
    <subfield code="z">Progr. Ins.: 503 / N.Vol.:1 / Copie: 1 / Pag.:0 / Copia rara: n.d. / date import: 1.2.2015 / By Epidotti, Trombetti, Vaglietti</subfield>
  </datafield>
</record>
